| 000 -LEADER |
| fixed length control field |
01145nam a22002297a 4500 |
| 005 - DATE AND TIME OF LATEST TRANSACTION |
| control field |
20191004120120.0 |
| 008 - FIXED-LENGTH DATA ELEMENTS--GENERAL INFORMATION |
| fixed length control field |
191004s2019 en ||||| |||| 00| 0 eng d |
| 020 ## - INTERNATIONAL STANDARD BOOK NUMBER |
| International Standard Book Number |
9789941462979 |
| 041 ## - LANGUAGE CODE |
| Language code of text/sound track or separate title |
geo |
| 080 ## - UNIVERSAL DECIMAL CLASSIFICATION NUMBER |
| Universal Decimal Classification number |
53 B-69 |
| 245 ## - TITLE STATEMENT |
| Title |
BOOK OF ABSTRACTS : JAPMED' 11 |
| Remainder of title |
11th Japanese-Mediterranean Workshop Appliend Electromagnetie Engineering fer Magnetie, Superconducting, Multifunctional and Nanomaterials / |
| Statement of responsibility, etc. |
conference secretariat : L. Kalandadze ; I. Jabnidze ; N. Japaridze . |
| 264 ## - PRODUCTION, PUBLICATION, DISTRIBUTION, MANUFACTURE, AND COPYRIGHT NOTICE |
| Place of production, publication, distribution, manufacture |
Batumi : |
| Name of producer, publisher, distributor, manufacturer |
Batumi SHOTA RUSTAVELI STATE UNIVERSITY, |
| Date of production, publication, distribution, manufacture, or copyright notice |
2019. |
| 300 ## - PHYSICAL DESCRIPTION |
| Extent |
143 p .: |
| Dimensions |
28 cm. |
| 653 ## - INDEX TERM--UNCONTROLLED |
| keyword |
ელექტრომაგნიტური ინჟინერია |
| 653 ## - INDEX TERM--UNCONTROLLED |
| keyword |
ფიზიკა |
| 653 ## - INDEX TERM--UNCONTROLLED |
| keyword |
კონფერენცია |
| 700 ## - ADDED ENTRY--PERSONAL NAME |
| Personal name |
Kalandadze , L |
| Relator term |
კონფერენციის სამდივნო |
| 9 (RLIN) |
4503 |
| 700 ## - ADDED ENTRY--PERSONAL NAME |
| Personal name |
Jabnidze , I |
| Relator term |
კონფერენციის სამდივნო |
| 9 (RLIN) |
4504 |
| 700 ## - ADDED ENTRY--PERSONAL NAME |
| Personal name |
Japaridze , N |
| Relator term |
კონფერენციის სამდივნო |
| 9 (RLIN) |
4505 |
| 710 ## - ADDED ENTRY--CORPORATE NAME |
| Relator term |
Batumi SHOTA RUSTAVELI STATE UNIVERSITY |
| 9 (RLIN) |
4507 |
| 942 ## - ADDED ENTRY ELEMENTS (KOHA) |
| Source of classification or shelving scheme |
|
| Koha item type |
წიგნი |